000 00509nam a22001937a 4500
003 MPLRDC
005 20220105061118.0
008 210129b ||||| |||| 00| 0 eng d
020 _a957-99120-8-4
082 _a220.7 FSBQ-7
100 _a佛使比丘 BUDDHADASA BHIKKHU
245 _a无我
_c释自拙、陈布灿 译
250 _a初版
260 _a台湾
_b香光书乡出版社
_c1997
300 _b
520 _a上架 2017-07-06。
650 _a佛教杂论
942 _cBK
_o220.7 FSBQ-7
999 _c68981
_d68971